Recent innovations in latex master-batch and devulcanisation technology (Record no. 51445)

MARC details
000 -LEADER
fixed length control field 00436nam a2200121Ia 4500
100 ## - MAIN ENTRY--AUTHOR NAME
Personal name Jacob J
245 #0 - TITLE STATEMENT
Title Recent innovations in latex master-batch and devulcanisation technology
260 ## - PUBLICATION, DISTRIBUTION, ETC. (IMPRINT)
Name of publisher National Rubber Conference, 30 September-1st October 2019, All India Rubber Industries Association, Mumbai, India.
650 ## - SUBJECT ADDED ENTRY--TOPICAL TERM
Topical Term Devulcanisation
650 ## - SUBJECT ADDED ENTRY--TOPICAL TERM
Topical Term Latex masterbatch
942 ## - ADDED ENTRY ELEMENTS (KOHA)
Koha item type Bibliography STAF
Holdings
Withdrawn status Lost status Damaged status Not for loan Home library Current library Shelving location Date acquired Koha item type
      Bibliography RRII Library RRII Library Rubber technology 09/04/2014 Bibliography STAF